000 00336nam a22001337a 4500
003 OSt
005 20250102153443.0
008 241231b ||||| |||| 00| 0 eng d
040 _cDDC
245 _aCare India
260 _aBengaluru
_bSuryasoundarya Prakashana Pvt. Ltd
856 _uhttps://www.spardhaarivu.in/
942 _2ddc
_cPR
_s1
999 _c233445
_d233445